Zákonník práce s komentárom : Úplné znenie Zákonníka práce a predpisov s ním súvisiacich, so zmenami a doplnkami, vrátane novely z 20.júna 1996

Salvato in:
Dettagli Bibliografici
Natura: Libro
Lingua:slovacco
Pubblicazione: Bratislava : Práca, 1996
Edizione:1.vyd.
Soggetti:
Tags: Aggiungi Tag
Nessun Tag, puoi essere il primo ad aggiungerne!!

MARC

LEADER 00000nam a22000003a 4500
001 stu45902
005 20150408180319.5
008 970811s1996----cs------------------slo-d
020 |a 80-7094-303-3 
040 |a STU  |b slo 
041 0 |a slo 
044 |a cs 
080 |a 349.2(094.4) 
245 |a Zákonník práce s komentárom :  |b Úplné znenie Zákonníka práce a predpisov s ním súvisiacich, so zmenami a doplnkami, vrátane novely z 20.júna 1996 
250 |a 1.vyd. 
260 |a Bratislava :  |b Práca,  |c 1996 
300 |a 227 s 
650 7 |a zákonník práce  |2 stusub 
650 7 |a práca  |2 stusub 
650 7 |a zákonníky  |2 stusub 
996 |b 284M053065  |c M*9561-2  |l MMKN  |s A  |a 24  |w stu45902_0001 
996 |b 284M024996  |c M*9561-1  |l MMKN  |s A  |a 24  |w stu45902_0002